Rebeldes primitivos (Record no. 80333)
[ view plain ]
| 000 -LEADER | |
|---|---|
| campo de control de longitud fija | 00708nam a2200205 i 4500 |
| 001 - NÚMERO DE CONTROL | |
| campo de control | 80333 |
| 003 - IDENTIFICADOR DE NÚMERO DE CONTROL | |
| campo de control | ES-MaACL |
| 005 - FECHA Y HORA DE LA ÚLTIMA TRANSACCIÓN | |
| campo de control | 20250824092814.0 |
| 007 - CAMPO FIJO DE DESCRIPCIÓN FÍSICA--INFORMACIÓN GENERAL | |
| campo de control de longitud fija | t| |
| 008 - DATOS DE LONGITUD FIJA--INFORMACIÓN GENERAL | |
| campo de control de longitud fija | 041027s1974 sp ||||1| spa d |
| 100 1# - ENTRADA PRINCIPAL--NOMBRE DE PERSONA | |
| Nombre de persona | Hobsbawm, E. J. ( |
| Fechas asociadas al nombre | 1917-2012) |
| 9 (RLIN) | 63862 |
| 245 10 - MENCIÓN DEL TÍTULO | |
| Título | Rebeldes primitivos |
| Resto del título | : estudio sobre las formas arcaicas de los movimientos sociales en los siglos XIX y XX / |
| Mención de responsabilidad, etc. | Eric J. Hobsbawm ; traducción de Joaquín Romero Maura. |
| 250 ## - MENCION DE EDICION | |
| Mención de edición | [2ª ed.]. |
| 260 ## - PUBLICACIÓN, DISTRIBUCIÓN, ETC. | |
| Lugar de publicación, distribución, etc. | Barcelona : |
| Nombre del editor, distribuidor, etc. | Ariel, |
| Fecha de publicación, distribución, etc. | [1974] |
| 300 ## - DESCRIPCIÓN FÍSICA | |
| Extensión | 368 p. ; |
| Dimensiones | 18 cm. |
| 700 1# - ENTRADA AGREGADA--NOMBRE PERSONAL | |
| Nombre de persona | Romero Maura, Joaquín, |
| Fechas asociadas al nombre | 1940- |
| 9 (RLIN) | 99412 |
| 852 ## - LOCALIZACIÓN | |
| Ubicación | ES-MaACL |
| Número de control de estantería | E-5553 |
| Sublocalización o colección | R.89960 |
| 852 ## - LOCALIZACIÓN | |
| Ubicación | ES-MaACL |
| Número de control de estantería | E-8041 |
| Sublocalización o colección | R.92494 |
| Estatus retirado | Estado de pérdida | Estado de daño | No para préstamo | Biblioteca de origen | Biblioteca actual | Ubicación en estantería | Fecha de adquisición | Fuente de adquisición | Total de préstamos | Signatura topográfica completa | Código de barras | Visto por última vez | Precio de reemplazo | Tipo de ítem Koha |
|---|---|---|---|---|---|---|---|---|---|---|---|---|---|---|
| Biblioteca del Ateneo de Madrid | Biblioteca del Ateneo de Madrid | Depósito 2 | 17/01/2008 | E-8041 | 1083992 | 23/02/2023 | 23/02/2023 | Libro impreso | ||||||
| Biblioteca del Ateneo de Madrid | Biblioteca del Ateneo de Madrid | Depósito 2 | 17/01/2008 | E-5553 | 1083991 | 23/02/2023 | 23/02/2023 | Libro impreso |
